| 000 | 00363 a2200109 4500 | ||
|---|---|---|---|
| 001 | ART_37857 | ||
| 005 | 20260410161818.0 | ||
| 008 | 260409a | ||
| 245 | 1 | 0 | _aPrivilegios aeronáuticos en el orden interno e internacional |
| 100 | 1 | _aCapaldo, Griselda | |
| 773 | 0 |
_tRevista Juridica de Buenos Aires _gDerecho aeronáutico (ene. 2015) _wREV4315 |
|
| 999 |
_c22062 _d22062 |
||